[Event "23rd Open"]
[Site "Bled SLO"]
[Date "2002.07.02"]
[Round "1"]
[White "Nikolov,S"]
[Black "Kozul,Z"]
[Result "0-1"]
[WhiteElo "2354"]
[BlackElo "2588"]

1.d4 Nf6 2.c4 g6 3.Nc3 Bg7 4.e4 d6 5.Nf3 O-O 6.Be2 e5 7.O-O Na6 8.Be3 Qe7
9.Re1 Ng4 10.Bg5 f6 11.Bh4 Qf7 12.Qd2 h5 13.h3 Nh6 14.Rad1 g5 15.Bg3 g4 16.hxg4 hxg4
17.Nh2 exd4 18.Qxd4 f5 19.Qd2 f4 20.Bh4 Nc5 21.Bf1 Be5 22.Nd5 Ne6 23.b4 Kg7
24.g3 Qh5 25.c5 Bd7 26.Bc4 Rae8 27.b5 Rh8 28.a4 Nf7 29.a5 Nfg5 30.b6 axb6
31.axb6 c6 32.Nc7 Nd4 33.Nxe8+ Bxe8 34.Qxd4 Bxd4 35.Rxd4 Nh3+ 36.Kg2 Qxc5
37.Red1 Bd7 38.R1d2 Rh6 39.f3 gxf3+ 40.Nxf3 Bg4 41.Nh2 Bc8 42.Nf3 Rg6 43.Kh2 Qh5
44.Kg2 fxg3  0-1

[Event "23rd Open"]
[Site "Bled SLO"]
[Date "2002.07.02"]
[Round "1"]
[White "Tratar,M"]
[Black "Srebrnic,M"]
[Result "1-0"]
[WhiteElo "2466"]
[BlackElo "2179"]

1.Nf3 Nf6 2.c4 g6 3.Nc3 Bg7 4.e4 d6 5.d4 O-O 6.Be2 e5 7.O-O exd4 8.Nxd4 Re8
9.f3 Nc6 10.Nc2 a5 11.Kh1 Nd7 12.Nd5 Nc5 13.g4 f5 14.gxf5 gxf5 15.Rg1 Kh8
16.Bg5 Qd7 17.Bf6 Rg8 18.Qd2 Qf7 19.Rxg7 Rxg7 20.Rg1 Ne6 21.exf5  1-0

[Event "23rd Open"]
[Site "Bled SLO"]
[Date "2002.07.03"]
[Round "2"]
[White "Orel,O"]
[Black "Srebrnic,A"]
[Result "1/2-1/2"]
[WhiteElo "2346"]
[BlackElo "2195"]

1.d4 Nf6 2.c4 g6 3.Nc3 Bg7 4.e4 d6 5.Nf3 O-O 6.Be2 e5 7.d5 a5 8.b3 Na6 9.O-O Nc5
10.Nd2 Bh6 11.Qc2 Ne8 12.Nf3 Bxc1 13.Qxc1 Kg7 14.Qe3 Qe7 15.Nd2 Bd7 16.Rae1 g5
17.Nf3 h6 18.h3 f5 19.exf5 Bxf5 20.Nh2 Qd7 21.h4 g4 22.f4 gxf3 23.Rxf3 Nf6
24.Ref1 Bg6 25.Rxf6 Rxf6 26.Rxf6 Kxf6 27.h5 Bf5 28.Qxh6+ Kf7 29.Nf3 Rg8 30.Ng5+ Ke8
31.Nf3 Qg7 32.Qxg7 Rxg7 33.Nh4 Bh7 34.g4 Ke7 35.Kf2 Kf6 36.Ke3 Rg8 37.Ng2 Kg5
38.Ne1 Kf6 39.Bd1 Ke7 40.Ng2 Nd7 41.Kf2 Nf6 42.Ne3 c6 43.Bf3 c5  1/2-1/2

[Event "30th World Open"]
[Site "Philadelphia USA"]
[Date "2002.07.03"]
[Round "5"]
[White "Wright,W"]
[Black "Ritvin,S"]
[Result "1/2-1/2"]
[WhiteElo "2186"]
[BlackElo "2279"]

1.d4 Nf6 2.c4 g6 3.Nc3 Bg7 4.e4 d6 5.Nf3 O-O 6.Be2 e5 7.d5 a5 8.O-O Na6 9.Ne1 Nc5
10.Qc2 Nh5 11.Bxh5 gxh5 12.Nd3 Nxd3 13.Qxd3 f5 14.f3 fxe4 15.fxe4 Rxf1+ 16.Qxf1 Bd7
17.Be3 b6 18.Qe2 Qh4 19.Rf1 Rf8 20.Rxf8+ Bxf8 21.Qf2 Qg4 22.Qf6 Qg6 23.Qxg6+ hxg6
24.Bg5 Kf7 25.Bd8 Bh6 26.Kf2 Bc1 27.Bxc7 Bxb2 28.Ne2 Ke7 29.Bxb6 a4 30.Ba5 a3
31.Nc3 Bxc3 32.Bxc3 Ba4 33.Bb4 Bc2 34.Ke3 Bb1 35.Bxa3 Bxa2 36.c5 dxc5 37.Bxc5+ Kd7
38.Ba7 Kc7 39.h4  1/2-1/2

[Event "Open Championships"]
[Site "Paris FRA"]
[Date "2002.07.06"]
[Round "1"]
[White "Feugeas,V"]
[Black "Emmenecker,P"]
[Result "1/2-1/2"]
[WhiteElo "2069"]
[BlackElo "2205"]

1.Nf3 Nf6 2.c4 g6 3.Nc3 Bg7 4.e4 d6 5.d4 O-O 6.Be2 e5 7.dxe5 dxe5 8.Qxd8 Rxd8
9.Bg5 Re8 10.Nd2 c6 11.f3 Nbd7 12.Nb3 Nf8 13.O-O-O Ne6 14.Be3 Bf8 15.Kb1 Nd7
16.Na4 b6 17.h4 h6 18.g3 Ndc5 19.Naxc5 bxc5 20.Na5 Nd4 21.Bxd4 cxd4 22.Nxc6 a5
23.f4 Bb7 24.Nxe5 Bxe4+ 25.Bd3 Bxh1 26.Rxh1 Bg7 27.Ng4 f5 28.Nf2 Re3 29.c5 Rc8
30.Rc1 Kf8 31.h5 Rf3 32.Ba6 Rc7 33.Nd3 gxh5 34.b4 axb4 35.Nxb4 Rxg3 36.c6 Rg6
37.Bb7 Ke7 38.Nd5+ Kd8 39.a4 d3 40.Rd1 Rcxc6 41.Bxc6 Rxc6 42.Rxd3 Rd6 43.Kc2 h4
44.Kb3 h3 45.Kc4 h2 46.Rh3 Rc6+ 47.Kb5 Rc2 48.a5 Bd4 49.Nb6 Rb2+ 50.Kc6 Ra2
51.Nc4 Bc3 52.Kb5 Bxa5  1/2-1/2

[Event "23rd Open"]
[Site "Bled SLO"]
[Date "2002.07.07"]
[Round "6"]
[White "Kozul,Z"]
[Black "Tratar,M"]
[Result "0-1"]
[WhiteElo "2588"]
[BlackElo "2466"]

1.d4 d6 2.Nf3 Nf6 3.c4 g6 4.Nc3 Bg7 5.e4 O-O 6.Be2 e5 7.O-O Na6 8.Re1 Qe8
9.Bf1 Bg4 10.d5 Nb4 11.Be2 a5 12.Be3 Na6 13.Nd2 Bxe2 14.Qxe2 Nh5 15.Nf3 f5
16.Ng5 f4 17.Bd2 Nc5 18.f3 Bf6 19.Nh3 Bh4 20.Reb1 Rf7 21.b3 b6 22.a3 a4 23.Nxa4 Nxa4
24.bxa4 Rxa4 25.Qd3 g5 26.Rb4 Rg7 27.Kf1 Nf6 28.Ng1 Ra8 29.a4 Qg6 30.a5 g4
31.Qe2 Bg5 32.Be1 bxa5 33.Rxa5 Rf8 34.c5 gxf3 35.Qxf3 Qh6 36.Rba4 Bh4 37.Qh3 Ng4
38.Bxh4 Ne3+ 39.Ke2 Rxg2+ 40.Kd3 Rxg1 41.Qe6+ Kg7 42.Qxh6+ Kxh6 43.Ra7 Kh5
44.Bf2 Rg2 45.Be1 dxc5 46.Rxc7 c4+ 47.Kc3 Rb8 48.Raxc4 Nd1+ 49.Kd3 Rb3+  0-1

[Event "FSGM July"]
[Site "Budapest HUN"]
[Date "2002.07.07"]
[Round "2"]
[White "Lukacs,P"]
[Black "Rajlich,V"]
[Result "0-1"]
[WhiteElo "2444"]
[BlackElo "2338"]

1.d4 Nf6 2.c4 g6 3.Nc3 Bg7 4.e4 d6 5.Nf3 O-O 6.Be2 e5 7.Be3 exd4 8.Nxd4 Re8
9.f3 c6 10.Qd2 d5 11.exd5 cxd5 12.Rd1 Nc6 13.c5 Qe7 14.Bf2 Qxc5 15.Ne6 Qa5
16.Nxg7 Kxg7 17.O-O Be6 18.Bb5 Nd7 19.Rfe1 a6 20.Ba4 b5 21.Bb3 Nb6 22.Qf4 Nc4
23.Bxc4 bxc4 24.Bh4 h6 25.Bf6+ Kh7 26.Qd6 Nb4 27.Bd4 Nc2 28.Qe5 Nxd4 29.Qxd4 Rab8
30.Re5 Red8 31.Rd2 Qb6 32.Ree2 Qxd4+ 33.Rxd4 Rb4 34.Kf2 Rdb8 35.Nd1 a5 36.Ke1 Kg7
37.Kd2 a4 38.a3 Rb3 39.Kc1 Rd3 40.Rd2 Rxd4 41.Rxd4 Kf6 42.f4 Rb5 43.Nc3 Ra5
44.Kd2 Ke7 45.Ke3 Kd6 46.Rd2 Kc5 47.Rd1 Ra8 48.Rd2 h5 49.h4 f6 50.g3 Bf7
51.Kf2 Ra6 52.Rd1 f5 53.Re1 Be6 54.Nxa4+ Rxa4 55.Rxe6 Ra5 56.Re2 Rb5 57.Ke1 Rb3
58.Rg2 d4 59.Kd1 d3 60.Kc1 Kd4 61.Rg1 Ke3 62.Re1+ Kf2 63.Re6 Kxg3 64.Rxg6+ Kxf4
65.Rc6 Ke3 66.Rxc4 Ke2  0-1

[Event "FSIMA July"]
[Site "Budapest HUN"]
[Date "2002.07.08"]
[Round "3"]
[White "Galyas,M"]
[Black "Pachow,J"]
[Result "1-0"]
[WhiteElo "2407"]
[BlackElo "2334"]

1.d4 Nf6 2.c4 g6 3.Nc3 Bg7 4.e4 d6 5.Nf3 O-O 6.Be2 e5 7.O-O exd4 8.Nxd4 Nc6
9.Be3 Re8 10.f3 Nh5 11.Qd2 Nf4 12.Rfd1 Nxd4 13.Bxd4 Qg5 14.Bf1 Bxd4+ 15.Qxd4 b6
16.Nd5 Nxd5 17.cxd5 f5 18.Rac1 Re7 19.e5 dxe5 20.Qc4 Kg7 21.Qc6 Rb8 22.d6 cxd6
23.Qxd6 Ra8 24.Rc7 Qe3+ 25.Kh1 Rxc7 26.Qxc7+ Kh6 27.Qd8 Qc5 28.f4 exf4 29.Qh4+ Kg7
30.Re1 Qd6 31.Re7+ Kf8 32.Rxh7 Ba6 33.Qh6+ Ke8 34.Qg7  1-0

[Event "Open"]
[Site "Oberwart AUT"]
[Date "2002.07.08"]
[Round "4"]
[White "Shariyazdanov,A"]
[Black "Sale,S"]
[Result "1-0"]
[WhiteElo "2562"]
[BlackElo "2403"]

1.d4 Nf6 2.c4 g6 3.Nc3 Bg7 4.e4 d6 5.Be2 O-O 6.Nf3 e5 7.O-O Nbd7 8.Re1 c6
9.Bf1 a5 10.dxe5 dxe5 11.Na4 Re8 12.c5 Bf8 13.Qc2 Qe7 14.Be3 Ng4 15.Bg5 f6
16.Bd2 Nxc5 17.Nb6 Rb8 18.h3 Nh6 19.b4 Na6 20.Nxc8 Rexc8 21.bxa5 Nf7 22.Rab1 Nd6
23.Be3 Ra8 24.Red1 Kg7 25.Rb6 Rc7 26.Bxa6 Rxa6 27.Bc5 Qe6 28.Rxa6 bxa6 29.Qd3 Ne8
30.Bxf8+ Kxf8 31.Qxa6 Qxa2 32.Qb6 Ke7 33.a6 c5 34.Rd5 Qa3 35.Rd6 Rd7 36.Rxd7+ Kxd7
37.a7 Nc7 38.Kh2 c4 39.Qxf6 Qxa7 40.Nxe5+ Kc8 41.Nxc4 Qa2 42.Qf7 Qe2 43.Nd6+ Kd8
44.f4 Qd2 45.Nc4 Qd4 46.Ne5 Kc8 47.Qg8+ Kb7 48.Qxh7 Qxe4 49.Nxg6 Kb6 50.Qh6 Kb7
51.Qg7 Kb6 52.Qf6+ Kb7 53.Qf7 Kb6 54.f5 Qd4 55.Qe7 Nd5 56.Qd6+ Kb7 57.Ne7 Qf4+
58.Qxf4 Nxf4  1-0

[Event "23rd Open"]
[Site "Bled SLO"]
[Date "2002.07.09"]
[Round "8"]
[White "Eljanov,P"]
[Black "Tratar,M"]
[Result "1-0"]
[WhiteElo "2561"]
[BlackElo "2466"]

1.d4 Nf6 2.Nf3 g6 3.c4 Bg7 4.Nc3 O-O 5.e4 d6 6.Be2 e5 7.O-O Na6 8.Be3 Ng4
9.Bg5 Qe8 10.dxe5 dxe5 11.h3 f6 12.Bd2 Nh6 13.c5 c6 14.Bxa6 bxa6 15.Qa4 Nf7
16.Be3 Rb8 17.b3 f5 18.exf5 gxf5 19.Rfe1 Rb7 20.Rac1 Re7 21.Qh4 Re6 22.Qc4 e4
23.Nd4 Ne5 24.Qf1 Rg6 25.Nde2 Nf3+ 26.Kh1 Nxe1 27.Qxe1 Be5 28.Nf4 Rg7 29.Nce2 Rd7
30.Bd2 a5 31.Ng3 a4 32.Ngh5 axb3 33.axb3 Ba6 34.Bc3 Qe7 35.Bxe5 Qxe5 36.Rc3 Kf7
37.Rg3 Rg8 38.Rxg8 Kxg8 39.Qe3 Kf7 40.Qg3 Rd1+ 41.Kh2 Qa1 42.Qg5 Bc8 43.Qh6 Rh1+
44.Kg3 Qc3+ 45.Kh4 Qxc5 46.Qxh7+ Ke8 47.Ng7+  1-0

[Event "Open"]
[Site "Oberwart AUT"]
[Date "2002.07.09"]
[Round "5"]
[White "Danner,G"]
[Black "Schumi,M"]
[Result "1/2-1/2"]
[WhiteElo "2369"]
[BlackElo "2216"]

1.d4 Nf6 2.Nf3 g6 3.c4 Bg7 4.Nc3 O-O 5.e4 d6 6.Be2 e5 7.d5 a5 8.Bg5 h6 9.Bh4 Na6
10.Nd2 Qe8 11.a3 Bd7 12.b3 h5 13.Bg5 Nh7 14.Be3 Qe7 15.Rb1 Bf6 16.f3 Bg5
17.Bf2 h4 18.b4 axb4 19.axb4 f5 20.c5 dxc5 21.Bxa6 cxb4 22.Bc4 Bxd2+ 23.Qxd2 bxc3
24.Qxc3 Qd6 25.exf5 Bxf5 26.Rxb7 h3 27.g4 Bc8 28.Rb3 Ba6 29.O-O Ng5 30.Bxa6 Nxf3+
31.Kh1 Qxa6 32.Rfb1 Nd4 33.R3b2 Rf3 34.Qxc7 Raf8 35.Qxe5 Rxf2 36.Rxf2 Rxf2
37.Rb8+ Rf8 38.Rxf8+ Kxf8 39.Qb8+ Kg7 40.Qc7+ Kf8 41.Qf4+ Ke7  1/2-1/2

[Event "3rd Stage Russian Cup"]
[Site "Tomsk RUS"]
[Date "2002.07.09"]
[Round "2"]
[White "Grebionkin,Vl"]
[Black "Driamin,D"]
[Result "1/2-1/2"]
[WhiteElo "2475"]
[BlackElo "2323"]

1.Nf3 Nf6 2.c4 g6 3.Nc3 Bg7 4.e4 O-O 5.d4 d6 6.Be2 Nbd7 7.O-O e5 8.Re1 c6
9.Bf1 a5 10.dxe5 Nxe5 11.Nxe5 dxe5 12.Qxd8 Rxd8 13.Be3 a4 14.a3 Be6 15.Rad1 Rxd1
16.Rxd1 Bf8 17.Be2 Nd7 18.Nd5 Rc8 19.Nb6 Nxb6 20.Bxb6 Bh6 21.h3 Bg5 22.Kh2 h5
23.Ba5 Be7 24.Bc3 f6 25.g3 Rd8 26.Rxd8+  1/2-1/2

[Event "3rd Stage Russian Cup"]
[Site "Tomsk RUS"]
[Date "2002.07.09"]
[Round "2"]
[White "Andreev,Af"]
[Black "Shomoev,A"]
[Result "0-1"]
[WhiteElo "2339"]
[BlackElo "2533"]

1.d4 Nf6 2.c4 g6 3.Nc3 Bg7 4.e4 d6 5.Nf3 O-O 6.Be2 e5 7.O-O Na6 8.d5 Nc5
9.Nd2 a5 10.Rb1 b6 11.b3 Bh6 12.Bf3 Nd3 13.a3 Ne8 14.b4 f5 15.Nb3 Nxc1 16.Nxc1 Nf6
17.Re1 g5 18.exf5 Bxf5 19.Rb2 axb4 20.axb4 g4 21.Be4 Nxe4 22.Nxe4 Ra1 23.Rc2 Qe8
24.f3 Qa4 25.b5 Bg6 26.Rc3 Qxd1 27.Rxd1 Bxe4 28.fxe4 Rb1  0-1

[Event "FSIMA July"]
[Site "Budapest HUN"]
[Date "2002.07.10"]
[Round "5"]
[White "Galyas,M"]
[Black "Resika,N"]
[Result "1-0"]
[WhiteElo "2407"]
[BlackElo "2276"]

1.d4 d6 2.c4 g6 3.Nc3 Bg7 4.Nf3 Nf6 5.e4 O-O 6.Be2 e5 7.O-O Na6 8.Re1 c6
9.d5 Nc5 10.Qc2 a5 11.Be3 Nh5 12.Rad1 cxd5 13.Rxd5 Be6 14.Rd2 Qe7 15.Red1 Rfd8
16.Nb5 Nf4 17.Rxd6 Nxe2+ 18.Qxe2 Nxe4 19.Rxd8+ Rxd8 20.Rxd8+ Qxd8 21.b3 f5
22.h3 a4 23.Nd2 axb3 24.axb3 Nxd2 25.Bxd2 e4 26.Bf4 g5 27.Qd2 Bf6 28.Qxd8+ Bxd8
29.Be5 Be7 30.Nc7 Kf7 31.Kf1 f4 32.Nb5 Bb4 33.Bd6 Ba5 34.Ba3 e3 35.fxe3 fxe3
36.Bc5 Bd2 37.Ke2 Bd7 38.Bxe3 Bxb5 39.cxb5 Bxe3 40.Kxe3 Ke6 41.Ke4 h5 42.g4  1-0

[Event "FSGM July"]
[Site "Budapest HUN"]
[Date "2002.07.11"]
[Round "6"]
[White "Bui Vinh"]
[Black "Rajlich,V"]
[Result "1/2-1/2"]
[WhiteElo "2444"]
[BlackElo "2338"]

1.d4 Nf6 2.Nf3 g6 3.c4 Bg7 4.Nc3 O-O 5.e4 d6 6.Be2 e5 7.d5 a5 8.Bg5 h6 9.Bh4 Qe8
10.Nd2 Bd7 11.O-O Na6 12.Qc2 Nh7 13.Kh1 h5 14.f3 Bh6 15.Bf2 Qe7 16.a3 a4
17.Rad1 Nc5 18.Nb5 Bxd2 19.Qxd2 Bxb5 20.cxb5 b6 21.Rde1 h4 22.Bc4 g5 23.Be3 Kg7
24.g3 hxg3 25.hxg3 Rh8 26.Kg2 f6 27.Rh1 Nf8 28.Rxh8 Kxh8 29.Rh1+ Kg7 30.Kg1 Ng6
31.Qg2 Rg8 32.Qh3 Rh8 33.Qg4 Rxh1+ 34.Kxh1 Nf8 35.Qc8 Qd7 36.Qxd7+ Nfxd7
37.Kg2 g4 38.Kf2 Kg6 39.Be2 f5 40.fxg4 fxg4 41.Bxc5 dxc5 42.Bd3 Nf6 43.Bc2 Kg5
44.Ke3 Nh5 45.Kf2 Nf6 46.Ke3 Ne8 47.Bxa4 Nd6 48.Kd3 c4+ 49.Ke3 Kh5 50.Bc2 Nxb5
51.a4 Nd6 52.Bd1 Kg5 53.Be2 Kh5 54.Bf1 Kg5 55.Bg2 Kf6 56.Bf1 Kg5 57.Be2 Kh5  1/2-1/2

[Event "17th North Sea Cup"]
[Site "Esbjerg DEN"]
[Date "2002.07.11"]
[Round "7"]
[White "Nielsen,PH"]
[Black "Volokitin,And"]
[Result "0-1"]
[WhiteElo "2626"]
[BlackElo "2545"]

1.d4 Nf6 2.Nf3 g6 3.c4 Bg7 4.Nc3 O-O 5.e4 d6 6.Be2 e5 7.O-O exd4 8.Nxd4 Re8
9.f3 Nc6 10.Be3 Nh5 11.Qd2 f5 12.Nxc6 bxc6 13.c5 d5 14.Bg5 Qd7 15.exf5 gxf5
16.Rfe1 Qf7 17.Bf1 Bd7 18.Ne2 Qg6 19.Be3 Rxe3 20.Qxe3 Bxb2 21.Rab1 Qg7 22.Kh1 Re8
23.Qd2 Be5 24.f4 Qh6 25.Rb3 Bg7 26.Ng3 Rxe1 27.Qxe1 Nf6 28.Qe7 Bf8 29.Rb8 Qg7
30.Qxg7+ Kxg7 31.Bd3 Ne4 32.Bxe4 fxe4 33.Rb7 Kf7 34.Rxc7 Ke8 35.Rxa7 Bxc5
36.Rb7 Bf2 37.Nh5 Kd8 38.Nf6 Bc8 39.Rb2 Bd4 40.Rc2 Bxf6 41.Rxc6 e3 42.Kg1 Bd4
43.Kf1 Bf5 44.Ke2 Kd7 45.Rc1 Bb6  0-1

[Event "XX Open"]
[Site "Andorra la Vella AND"]
[Date "2002.07.13"]
[Round "8"]
[White "Avrukh,B"]
[Black "Paunovic,D"]
[Result "1/2-1/2"]
[WhiteElo "2582"]
[BlackElo "2518"]

1.d4 Nf6 2.c4 g6 3.Nc3 Bg7 4.e4 d6 5.Nf3 O-O 6.Be2 e5 7.Be3 Na6 8.O-O Ng4
9.Bg5 Qe8 10.dxe5 h6 11.Bd2 dxe5 12.h3 Nf6 13.Be3 Qe7 14.Nd2 c6 15.Nb3 Nh7
16.c5 Nc7 17.Bc4 Ne6 18.Bxe6 Bxe6 19.Qc1  1/2-1/2

[Event "Richard Aronow Mem"]
[Site "Philadelphia USA"]
[Date "2002.07.13"]
[Round "2"]
[White "Najer,E"]
[Black "Rogers,N"]
[Result "1-0"]
[WhiteElo "2585"]
[BlackElo "2354"]

1.d4 Nf6 2.c4 g6 3.Nc3 Bg7 4.e4 d6 5.Nf3 O-O 6.Be2 Nbd7 7.O-O e5 8.Be3 a5
9.Qc2 Ng4 10.Bg5 f6 11.Bd2 Nh6 12.a3 Nf7 13.Rad1 c6 14.b4 Qe7 15.b5 exd4
16.Nxd4 f5 17.Be3 fxe4 18.bxc6 Nf6 19.Nd5 Nxd5 20.cxd5 Bxd4 21.Rxd4 bxc6
22.dxc6 Qc7 23.Qxe4 Bf5 24.Qd5 Rfe8 25.Rc1 Re5 26.Qa2 Rae8 27.Bf3 Be4 28.Bxe4 Rxe4
29.Rxe4 Rxe4 30.h3 Kg7 31.Qd5 Kf8  1-0

[Event "1st Open"]
[Site "Condom FRA"]
[Date "2002.07.16"]
[Round "6"]
[White "Ducret,T"]
[Black "Belkhodja,S"]
[Result "0-1"]
[WhiteElo "2213"]
[BlackElo "2505"]

1.Nf3 Nf6 2.c4 g6 3.Nc3 Bg7 4.e4 d6 5.d4 O-O 6.Be2 e5 7.d5 a5 8.Bg5 h6 9.Bh4 Na6
10.Nd2 Qe8 11.a3 Bd7 12.b3 Nh7 13.Rb1 h5 14.f3 Bh6 15.Bf2 Qe7 16.h4 Nc5 17.Qc2 f5
18.Bd3 Nxd3+ 19.Qxd3 Nf6 20.Be3 Bxe3 21.Qxe3 Rf7 22.Rc1 Rg7 23.Ke2 c5 24.a4 Kh7
25.Rh2 Rf8 26.Rch1 Rff7 27.Ke1 Kg8 28.Ke2 Kf8 29.Ke1 Ke8 30.Ke2 Kd8 31.Ke1 Kc8
32.Ke2 Rf8 33.Ke1 Rfg8 34.Ke2 f4 35.Qf2 g5 36.hxg5 Rxg5 37.Kf1 Qg7 38.Ne2 Be8
39.Nb1 Nd7 40.Na3 Nb8 41.Nc2 Na6 42.Nc1 Qc7 43.Qd2 Qb6 44.Qc3 Nb4 45.Ne1 Kb8
46.Qd2 Na6 47.Nc2 Nc7 48.Qc3 Bg6 49.Nd3 Ne8 50.Nf2 Nf6 51.Qd3 Rg3 52.Ne1 Be8
53.Qc3 Bd7 54.Nc2 Ka7 55.Qd3 Ng4 56.Rxh5 Nxf2 57.Kxf2 Rxg2+ 58.Kf1 Bxa4 59.Ne1 Ra2
60.bxa4 Rgg2 61.Nxg2 Qb2 62.Ke1 Qf2+ 63.Kd1 Ra1+  0-1

[Event "Open Aegean Ch"]
[Site "Ikaros GRE"]
[Date "2002.07.16"]
[Round "4"]
[White "Haritakis,T"]
[Black "Khamatgaleev,A"]
[Result "0-1"]
[WhiteElo "2295"]
[BlackElo "2416"]

1.d4 Nf6 2.c4 g6 3.Nc3 Bg7 4.e4 d6 5.Nf3 O-O 6.Be2 Na6 7.O-O e5 8.Re1 c6
9.Bf1 Bg4 10.d5 cxd5 11.cxd5 Ne8 12.h3 Bd7 13.a4 h6 14.Nd2 f5 15.Nc4 Nc5
16.exf5 gxf5 17.Be3 b6 18.b4 Nb7 19.Rc1 f4 20.Bd2 Nf6 21.Be2 Bf5 22.Bf3 Kh8
23.Qb3 Rg8 24.Ne4 Bf8 25.Nxf6 Qxf6 26.Be4 Bxe4 27.Rxe4 Qg6 28.Qf3 Nd8 29.Bc3 Kh7
30.Ree1 Nf7 31.Kh1 Ng5 32.Qg4 h5 33.Qe2 Nxh3 34.f3 Qg3 35.Rf1 Qh4 36.gxh3 Rg3
37.Rf2 Re8 38.Rh2 Rxh3 39.Bd2 Qg3 40.Rxh3 Qxh3+ 41.Kg1 Be7 42.Qe4+ Kh6 43.Kf2 Qh2+
44.Ke1 a6 45.Rc3 Qg1+ 46.Ke2 Rg8 47.Kd3 Qb1+ 48.Rc2 b5 49.axb5 axb5 50.Na3 Qf1+
51.Qe2 e4+ 52.Kc3 Bf6+ 53.Kb3 Qxe2 54.Bxf4+ Bg5 55.Rxe2 Bxf4 56.Rxe4  0-1

[Event "TCh-POL Jun"]
[Site "Laczna POL"]
[Date "2002.07.16"]
[Round "3"]
[White "Szromba,K"]
[Black "Czakon,J"]
[Result "0-1"]
[WhiteElo "2118"]
[BlackElo "2332"]

1.d4 Nf6 2.c4 g6 3.Nc3 Bg7 4.e4 d6 5.Nf3 O-O 6.Be2 e5 7.O-O exd4 8.Nxd4 Re8
9.f3 Nc6 10.Be3 Nh5 11.f4 Nf6 12.Bf3 Bg4 13.Nxc6 Bxf3 14.Qxf3 bxc6 15.Rae1 Qb8
16.b3 Nd7 17.Bf2 Qb4 18.e5 Nf8 19.Ne4 d5 20.cxd5 cxd5 21.Nf6+ Bxf6 22.exf6 Re4
23.Rc1 Qd6 24.Rfd1 Rae8 25.Qc3 Qxf4 26.Bg3 Qg5 27.Qxc7 Ne6 28.Qxa7 Nd4 29.Kh1 Ne2  0-1

[Event "24th Politiken Cup"]
[Site "Copenhagen DEN"]
[Date "2002.07.17"]
[Round "3"]
[White "Peralta,F"]
[Black "Bengtsson,O"]
[Result "1-0"]
[WhiteElo "2478"]
[BlackElo "2075"]

1.Nf3 Nf6 2.c4 g6 3.Nc3 Bg7 4.e4 d6 5.d4 O-O 6.Be3 e5 7.Be2 Nc6 8.d5 Ne7
9.Nd2 Ne8 10.f3 f5 11.c5 fxe4 12.fxe4 dxc5 13.Bxc5 b6 14.Bf2 c6 15.dxc6 Be6
16.Bc4 Bxc4 17.Nxc4 Nxc6 18.O-O Nd4 19.Nd5 Nd6 20.Nxd6 Qxd6 21.Qd3 Rac8 22.Rac1 Qe6
23.h3 Rf7 24.Be3 Rcf8 25.Rxf7 Rxf7 26.Kh2 h6 27.Qa6 Kh7 28.Rc7 Nc6 29.Qb7 Rxc7
30.Qxc7 g5 31.b4 b5 32.Qb7 Qg6 33.Bf2 h5 34.Qxb5 g4 35.Qd3 Nd4 36.Ne7 Qg5
37.Nf5 Bf6 38.Nxd4 exd4 39.e5+ Kg8 40.exf6 Qe5+ 41.Kh1  1-0

[Event "24th Politiken Cup"]
[Site "Copenhagen DEN"]
[Date "2002.07.18"]
[Round "4"]
[White "Cazzaniga,W"]
[Black "Collins,S"]
[Result "0-1"]
[WhiteElo "2121"]
[BlackElo "2313"]

1.d4 Nf6 2.c4 g6 3.Nc3 Bg7 4.e4 d6 5.Nf3 O-O 6.Be2 e5 7.Be3 Na6 8.d5 c5 9.Nd2 Ne8
10.f3 Bh6 11.Bf2 f5 12.a3 b6 13.Rb1 Nf6 14.b4 Nh5 15.g3 Nf6 16.O-O Rf7 17.Rb2 Bg5
18.Qa4 h5 19.exf5 gxf5 20.Kh1 h4 21.gxh4 Bf4 22.Rg1+ Kh8 23.Nf1 Nh5 24.Bd3 Bb7
25.Qc2 Qf6 26.b5 Nc7 27.Be1 Raf8 28.a4 Rh7 29.Qd1 e4 30.fxe4 Be5 31.Rc2 f4
32.Qf3 Ne8 33.Nd1 Neg7 34.Nf2 Qxh4 35.Bc3 Bc8 36.Bxe5 dxe5 37.Ng4 Qe7 38.Rf2 Ne8
39.Be2 Nd6 40.Bd3 Rg8 41.Rfg2 Ng3+ 42.Rxg3 fxg3 43.Rxg3 Bxg4 44.Rxg4 Rxg4
45.Qxg4 Qf6 46.Qg2 Rh4 47.Nd2 Rf4 48.Kg1 Qh4 49.Nf3 Qh5 50.Kf2 Nxe4+ 51.Bxe4 Rxe4
52.Qg3 Rf4 53.Ke3 Qf5 54.Nd2 Rd4 55.Ke2 Qh5+ 56.Ke1 Rh4 57.Qf2 Qh6 58.Qg3 Qf4
59.Qg6 Rxh2 60.Qe8+ Kg7 61.Qe7+ Kg8 62.Qe8+ Qf8 63.Qg6+ Qg7 64.Qe6+ Kh8 65.Kd1 Rh4
66.Kc2 Rh6 67.Qe8+ Kh7 68.Qb8 Rh3 69.Qd8 Qg6+ 70.Kb2 Rh2 71.Qe7+ Qg7 72.Qxg7+ Kxg7
73.Kc3 Rh3+ 74.Kb2 Rd3 75.a5 bxa5  0-1

[Event "Richard Aronow Mem"]
[Site "Philadelphia USA"]
[Date "2002.07.18"]
[Round "6"]
[White "Najer,E"]
[Black "Chiong,L"]
[Result "1-0"]
[WhiteElo "2585"]
[BlackElo "2368"]

1.d4 Nf6 2.c4 g6 3.Nc3 Bg7 4.e4 d6 5.Nf3 O-O 6.Be2 e5 7.Be3 Ng4 8.Bg5 f6
9.Bh4 g5 10.Bg3 Nh6 11.d5 f5 12.exf5 Bxf5 13.h4 g4 14.Ng5 Qe7 15.Bd3 e4 16.Ncxe4 Bxb2
17.Rb1 Bc3+ 18.Kf1 Be5 19.Rxb7 Bxe4 20.Bxe5 Qxe5 21.Nxe4 Na6 22.Kg1 Rf4 23.Qd2 Raf8
24.g3 Rxe4 25.Bxe4 Qxe4 26.Kh2 Nf7 27.Re1 Qf5 28.Qf4 Ne5 29.Qxf5 Rxf5 30.Kg2 Rf7
31.Rxa7 Nc5 32.a4 Nxc4 33.Re8+ Kg7 34.Rc8 Kf6 35.Raxc7 Rxc7 36.Rxc7 Nb6 37.a5 Nxd5
38.Rxh7 Ne7 39.Rh6+ Ke5 40.Rh5+ Nf5 41.Rg5 d5 42.Rxg4 d4 43.h5 d3 44.Kf1 Nd4
45.Ke1 Ne4 46.Rxe4+ Kxe4 47.a6 Nf3+ 48.Kd1 d2 49.a7  1-0

[Event "Lasker Mem Open"]
[Site "Barlinek POL"]
[Date "2002.07.19"]
[Round "1"]
[White "Shishkin,Va"]
[Black "Socko,B"]
[Result "0-1"]
[WhiteElo "2396"]
[BlackElo "2562"]

1.d4 Nf6 2.c4 g6 3.Nc3 Bg7 4.e4 d6 5.Be2 O-O 6.Nf3 e5 7.Be3 Ng4 8.Bg5 f6
9.Bh4 g5 10.Bg3 Nh6 11.dxe5 fxe5 12.h4 g4 13.Nh2 Be6 14.Nd5 Qd7 15.Ne3 Qc6
16.Nhxg4 Qxe4 17.Bf3 Rxf3 18.gxf3 Qd4 19.Nxh6+ Bxh6 20.Rg1 Kf7 21.Qe2 Nc6
22.f4 exf4 23.Qh5+ Ke7 24.Qxh6 fxe3 25.fxe3 Qxb2 26.Qxh7+ Bf7 27.Rd1 Rh8
28.Qe4+ Kd8 29.Bf4 Bh5 30.Bg5+ Kc8 31.Qf5+ Kb8 32.Qf2 Qa3 33.Qc2 Ne5 34.Kf2 Rf8+
35.Bf4 Bxd1 36.Rxd1 Ng4+ 37.Ke2 Rxf4 38.exf4 Qe3+ 39.Kf1 Qf3+ 40.Ke1 Qg3+
41.Ke2 Qf2+  0-1

[Event "24th Politiken Cup"]
[Site "Copenhagen DEN"]
[Date "2002.07.19"]
[Round "5"]
[White "Nielsen,PH"]
[Black "Mortensen,E"]
[Result "1/2-1/2"]
[WhiteElo "2626"]
[BlackElo "2450"]

1.d4 Nf6 2.Nf3 g6 3.c4 Bg7 4.Nc3 O-O 5.e4 d6 6.Be2 e5 7.O-O Nbd7 8.Be3 Ng4
9.Bg5 f6 10.Bd2 Nh6 11.Qc2 Nf7 12.d5 c5 13.dxc6 bxc6 14.b4 Bh6 15.a3 a5 16.Na4 Bxd2
17.Nxd2 c5 18.bxc5 Nxc5 19.Rfd1 Qc7 20.Nc3 Ng5 21.Nb3 Nge6 22.Nb5 Qb7 23.Nxc5 dxc5
24.Bg4 Nd4 25.Bxc8 Raxc8 26.Nxd4  1/2-1/2

[Event "Open Aegean Ch"]
[Site "Ikaros GRE"]
[Date "2002.07.19"]
[Round "7"]
[White "Rychagov,A"]
[Black "Stoumbos,K"]
[Result "1-0"]
[WhiteElo "2537"]
[BlackElo "2144"]

1.d4 Nf6 2.c4 g6 3.Nc3 Bg7 4.e4 d6 5.Nf3 O-O 6.Be2 e5 7.O-O Na6 8.Re1 Qe8
9.Bf1 Bg4 10.d5 h5 11.Rb1 Nh7 12.h3 Bd7 13.b4 f5 14.c5 f4 15.c6 Bc8 16.cxb7 Bxb7
17.Bb5 Qe7 18.Bc6 Rab8 19.Qa4 Bc8 20.b5 Nc5 21.Qxa7 g5 22.Nh2 g4 23.Qxb8 Qh4
24.Rd1 Ng5 25.Rb2 Nxh3+ 26.gxh3 f3 27.Kh1 Nd3 28.Qa7 Nxb2 29.Rg1 Nd3 30.Be3 Bh6
31.Nd1 Bf4 32.Bxf4 exf4 33.Qxc7 g3 34.Qxd6 g2+ 35.Rxg2+ fxg2+ 36.Kg1 Qg5
37.Nf3 Qg7 38.b6 Bxh3 39.b7 Qa1 40.Qg6+ Kh8 41.Qxh5+ Kg7 42.Qxh3 Qxd1+ 43.Kxg2 Qe2
44.Qg4+ Kh6 45.Qg5+ Kh7 46.Qe7+ Kg6 47.Nh4+ Kh5 48.Qh7+ Kg5 49.Nf3+  1-0

[Event "Open Aegean Ch"]
[Site "Ikaros GRE"]
[Date "2002.07.19"]
[Round "7"]
[White "Kosic,D"]
[Black "Antoniewski,R"]
[Result "1-0"]
[WhiteElo "2537"]
[BlackElo "2465"]

1.d4 g6 2.e4 Bg7 3.c4 d6 4.Nc3 Nf6 5.Nf3 O-O 6.Be2 e5 7.Be3 Ng4 8.Bg5 f6
9.Bc1 Nc6 10.d5 Ne7 11.h3 Nh6 12.h4 c5 13.h5 g5 14.Nh2 Bd7 15.a3 Nf7 16.g4 a6
17.Nf1 Rb8 18.b4 b5 19.cxb5 axb5 20.Rb1 Qc7 21.Bd2 h6 22.Ne3 Qa7 23.bxc5 Qxc5
24.Rb4 Rfc8 25.Qb3  1-0

[Event "17th Open"]
[Site "Avoine FRA"]
[Date "2002.07.20"]
[Round "1"]
[White "Grooten,H"]
[Black "Dubin,S"]
[Result "1-0"]
[WhiteElo "2375"]
[BlackElo "2126"]

1.d4 Nf6 2.c4 g6 3.Nc3 Bg7 4.e4 d6 5.Nf3 O-O 6.Be2 e5 7.Be3 Nc6 8.d5 Ne7
9.Nd2 Nd7 10.Qc2 f5 11.f3 Nf6 12.c5 fxe4 13.fxe4 Bg4 14.Nc4 Qd7 15.Bd3 c6
16.dxc6 Nxc6 17.Nxd6 Nd4 18.Qa4 Qc7 19.h3 Be6 20.Bc4 Bxc4 21.Qxc4+ Kh8 22.Ncb5 Nxb5
23.Nxb5 Qe7 24.O-O Nh5 25.Nd6 Nf4 26.g3 Qd7 27.gxf4 Qxh3 28.Kf2 exf4 29.Bd4 f3
30.Bxg7+ Kxg7 31.Qd4+ Kg8 32.Qd5+ Kh8 33.Qe5+ Kg8 34.Rg1 Qh4+ 35.Qg3 Qh6
36.Rad1 Qg7 37.e5 Qc7 38.Ne4 Qc6 39.Qg4 Rae8 40.Rd6 Qb5 41.Qxg6+  1-0

[Event "EuJun"]
[Site "Baku AZE"]
[Date "2002.07.20"]
[Round "7"]
[White "Werle,J"]
[Black "Aliev,C"]
[Result "1-0"]
[WhiteElo "2443"]
[BlackElo "2213"]

1.Nf3 Nf6 2.c4 g6 3.Nc3 Bg7 4.e4 d6 5.d4 O-O 6.Be2 Nbd7 7.O-O e5 8.Be3 exd4
9.Nxd4 Nc5 10.f3 a5 11.Ndb5 Nfd7 12.Qd2 Re8 13.Rad1 b6 14.Rfe1 Ba6 15.Bf1 Ne5
16.Bg5 f6 17.Bh4 Bb7 18.b3 Qd7 19.Nd5 c6 20.Nxb6 Qd8 21.Nxa8 cxb5 22.Qxd6 Qxd6
23.Rxd6 Rxa8 24.Bf2 Rc8 25.Red1 Bf8 26.Rd8 Rc7 27.cxb5 Ne6 28.b6 Rg7 29.Re8 Re7
30.Rxe7 Bxe7 31.Bc4 Nxc4 32.Rd7 Nd6 33.Rxe7 Nd8 34.Bc5  1-0

[Event "Macedonian Open"]
[Site "Struga MKD"]
[Date "2002.07.20"]
[Round "1"]
[White "Jacimovic,D"]
[Black "Suaibi,D"]
[Result "1-0"]
[WhiteElo "2469"]
[BlackElo "2184"]

1.d4 Nf6 2.c4 g6 3.Nc3 Bg7 4.e4 d6 5.Nf3 O-O 6.Be2 e5 7.d5 Nh5 8.g3 f5 9.exf5 Bxf5
10.Ng5 Nf6 11.g4 Bd7 12.h4 h6 13.Nge4 Na6 14.Be3 Nxe4 15.Nxe4 Qe7 16.Qd2 Kh7
17.Rd1 Nc5 18.Nxc5 dxc5 19.d6 cxd6 20.Qxd6 Qxd6 21.Rxd6 Rf7 22.Bd3 Bf6 23.h5 e4
24.Bxe4 Re7  1-0